<?xml version="1.0" encoding="UTF-8"?><record xmlns="http://www.loc.gov/MARC21/slim" xmlns:zs="http://docs.oasis-open.org/ns/search-ws/sruResponse">
  <leader>01694cas a22003977a 4500</leader>
  <controlfield tag="001">20694883</controlfield>
  <controlfield tag="005">20250701134038.8</controlfield>
  <controlfield tag="008">880727d18881933deuwr ne      0   a0eng d</controlfield>
  <datafield ind1=" " ind2=" " tag="010">
    <subfield code="a">sn 88053058 </subfield>
  </datafield>
  <datafield ind1="0" ind2=" " tag="022">
    <subfield code="a">2639-5290</subfield>
    <subfield code="2">1</subfield>
  </datafield>
  <datafield ind1=" " ind2=" " tag="035">
    <subfield code="a">(OCoLC)18278671</subfield>
  </datafield>
  <datafield ind1=" " ind2=" " tag="040">
    <subfield code="a">DEX</subfield>
    <subfield code="b">eng</subfield>
    <subfield code="c">DEX</subfield>
    <subfield code="d">OCLCQ</subfield>
    <subfield code="d">DLC</subfield>
    <subfield code="d">OCLCF</subfield>
    <subfield code="d">OCLCL</subfield>
  </datafield>
  <datafield ind1=" " ind2=" " tag="042">
    <subfield code="a">msc</subfield>
    <subfield code="a">nsdp</subfield>
  </datafield>
  <datafield ind1=" " ind2=" " tag="043">
    <subfield code="a">n-us-de</subfield>
  </datafield>
  <datafield ind1="0" ind2="0" tag="050">
    <subfield code="a">Newspaper</subfield>
  </datafield>
  <datafield ind1="1" ind2="0" tag="082">
    <subfield code="a">071.3</subfield>
    <subfield code="2">23</subfield>
    <subfield code="1">https://id.oclc.org/worldcat/ddc/E3MJ87dMTw4ByGq4RJYrdRdTc3</subfield>
  </datafield>
  <datafield ind1=" " ind2="4" tag="222">
    <subfield code="a">The Sussex Republican</subfield>
    <subfield code="b">(Print)</subfield>
  </datafield>
  <datafield ind1="0" ind2="4" tag="245">
    <subfield code="a">The Sussex Republican.</subfield>
  </datafield>
  <datafield ind1=" " ind2=" " tag="260">
    <subfield code="a">Georgetown, Del. :</subfield>
    <subfield code="b">Sussex Republican Pub. Co.</subfield>
  </datafield>
  <datafield ind1=" " ind2=" " tag="300">
    <subfield code="a">v.</subfield>
  </datafield>
  <datafield ind1=" " ind2=" " tag="310">
    <subfield code="a">Weekly</subfield>
  </datafield>
  <datafield ind1="1" ind2=" " tag="362">
    <subfield code="a">Began in 1888? Ceased in 1933.</subfield>
  </datafield>
  <datafield ind1=" " ind2=" " tag="530">
    <subfield code="a">Archived issues are available in digital format from the Library of Congress Chronicling America online collection.</subfield>
  </datafield>
  <datafield ind1=" " ind2=" " tag="588">
    <subfield code="a">Description based on: Vol. 9, no. 20 (Nov. 10, 1894).</subfield>
  </datafield>
  <datafield ind1=" " ind2="0" tag="651">
    <subfield code="a">Georgetown (Del.)</subfield>
    <subfield code="v">Newspapers.</subfield>
  </datafield>
  <datafield ind1=" " ind2="7" tag="651">
    <subfield code="a">Delaware</subfield>
    <subfield code="z">Georgetown.</subfield>
    <subfield code="2">fast</subfield>
    <subfield code="0">(OCoLC)fst01256929</subfield>
    <subfield code="1">https://id.oclc.org/worldcat/entity/E39PBJvd6PC3wKYqMrgqFT6BT3</subfield>
  </datafield>
  <datafield ind1=" " ind2="7" tag="655">
    <subfield code="a">Newspapers.</subfield>
    <subfield code="2">fast</subfield>
    <subfield code="0">(OCoLC)fst01423814</subfield>
  </datafield>
  <datafield ind1=" " ind2=" " tag="752">
    <subfield code="a">United States</subfield>
    <subfield code="b">Delaware</subfield>
    <subfield code="c">Sussex</subfield>
    <subfield code="d">Georgetown.</subfield>
  </datafield>
  <datafield ind1="0" ind2="8" tag="776">
    <subfield code="i">Online version:</subfield>
    <subfield code="t">Sussex Republican</subfield>
    <subfield code="x">2639-5304</subfield>
    <subfield code="w">(DLC)  2018218973</subfield>
    <subfield code="w">(OCoLC)1055554579</subfield>
  </datafield>
  <datafield ind1="0" ind2="0" tag="785">
    <subfield code="t">Sussex Countian</subfield>
    <subfield code="w">(DLC)sn 87062223</subfield>
    <subfield code="w">(OCoLC)12830113</subfield>
  </datafield>
  <datafield ind1="4" ind2="1" tag="859">
    <subfield code="u">http://www.loc.gov/chroniclingamerica/lccn/sn88053058/issues</subfield>
  </datafield>
  <datafield ind1=" " ind2=" " tag="906">
    <subfield code="a">7</subfield>
    <subfield code="b">cbc</subfield>
    <subfield code="c">sercoop</subfield>
    <subfield code="d">2</subfield>
    <subfield code="e">ncip</subfield>
    <subfield code="f">19</subfield>
    <subfield code="g">n-oclcserc</subfield>
  </datafield>
  <datafield ind1="0" ind2=" " tag="925">
    <subfield code="a">Acquire</subfield>
    <subfield code="b">1 shelf copy</subfield>
    <subfield code="x">policy default 2018-10-03</subfield>
  </datafield>
  <datafield ind1=" " ind2=" " tag="955">
    <subfield code="b">sr02 2018-10-03</subfield>
    <subfield code="k">sr02 2018-10-03</subfield>
  </datafield>
  <datafield ind1=" " ind2=" " tag="955">
    <subfield code="a">LCAP batch update 2025-06-02-04:00: LCAPM-644, LCAPM-893</subfield>
  </datafield>
  <datafield ind1=" " ind2=" " tag="985">
    <subfield code="a">serpull/chronam</subfield>
    <subfield code="e">ndnp</subfield>
  </datafield>
</record>
